000 01532cam a22002174a 4500
005 20250605164048.0
008 250528s ||||||||||||||||||||||||d
035 _a17178
020 _a63503530
040 _aGR-AtMCL
_bgre
_dGR-AtMCL
_eAACR2
245 1 _aEconomics / An Introduction to Traditional and Radical Views
250 _a5th
260 _bHarper & Row Publishers,
_c1986
300 _a688
520 _aProperty and Prophets, The Ideology of Precapitalist Europe, The Conflict in Merchantilist Thought, Marx's Conception of Capitalism, Marx's Social and Economic Theory, Economic Prosperity and Evolutionary System, Imperialism and Revolutionary Socialism, Contemporary American Capitalism and Its Defenders, Prices and Poverty, An Introduction to Microeconomics, Price and Income: The Neoclassical Theory, The Labor Theory of Value, The Labor Movement, Monopoly Power, Prices and Profits of a Monopoly, Government and Inequality, Economics of Discrimination, Unemployment and Inflation, An Introduction to Macroeconomics, The Institutional Setting, Income Determination, Consumption, Investment, Unemployment and Business Cycles, Government: Welfare or Warfare?, Money and Banking and Monetary Policy, Inflation and Monopoly Power, Economic Growth, Waste and Pollution, International Capitalist Trade and Finance, Socialist Economic Systems, An Introduction to Comparative Economics, Index.
700 1 _aHunt K. E
_93331
700 1 _aSherman Howanr J
_93332
942 _cBK
999 _c2613
_d2613